Sāhityādarpaṇaḥ : (Record no. 85626)
[ view plain ]
| 000 -LEADER | |
|---|---|
| fixed length control field | 01246cam a2200313 a 4500 |
| 001 - CONTROL NUMBER | |
| control field | sa 68014219 |
| 003 - CONTROL NUMBER IDENTIFIER | |
| control field | DLC |
| 005 - DATE AND TIME OF LATEST TRANSACTION | |
| control field | 20260227112629.0 |
| 008 - FIXED-LENGTH DATA ELEMENTS--GENERAL INFORMATION | |
| fixed length control field | 950213s1967 ii b 001 0 sano |
| 010 ## - LIBRARY OF CONGRESS CONTROL NUMBER | |
| LC control number | sa 68014219 |
| 035 ## - SYSTEM CONTROL NUMBER | |
| System control number | (OCoLC)31978208 |
| 040 ## - CATALOGING SOURCE | |
| Original cataloging agency | DLC |
| Transcribing agency | DLC |
| 050 00 - LIBRARY OF CONGRESS CALL NUMBER | |
| Classification number | PK2916 |
| Item number | .V577 1967 |
| 100 0# - MAIN ENTRY--PERSONAL NAME | |
| Personal name | Viśvanātha Kavirāja. |
| 240 10 - UNIFORM TITLE | |
| Uniform title | Sāhityadarpana |
| 245 10 - TITLE STATEMENT | |
| Title | Sāhityādarpaṇaḥ : |
| Remainder of title | saṭippaṇa "Lakṣmī" vyākhyāvibhūṣitaḥ / |
| Statement of responsibility, etc. | Viśvanāthakavirājapraṇītaḥ ; vyākhyākāraḥ Kr̥ṣṇamohanaśāstrī. |
| 246 15 - VARYING FORM OF TITLE | |
| Title proper/short title | Sāhityadarpaṇa of Śrī Viśvanātha Kavirāja |
| 250 ## - EDITION STATEMENT | |
| Edition statement | Saṃskaraṇa 3. |
| 260 ## - PUBLICATION, DISTRIBUTION, ETC. | |
| Place of publication, distribution, etc. | Vārāṇasī : |
| Name of publisher, distributor, etc. | Caukhambā Saṃskr̥ta Sīrīja āphisa, |
| Date of publication, distribution, etc. | 1967. |
| 300 ## - PHYSICAL DESCRIPTION | |
| Extent | 60, 11, 871 p. ; |
| Dimensions | 23 cm. |
| 490 1# - SERIES STATEMENT | |
| Series statement | Kāśī Saṃskr̥ta granthamālā ; |
| Volume/sequential designation | 145. |
| Series statement | Alaṅkāravibhāge ; |
| Volume/sequential designation | 6. puṣpam |
| 546 ## - LANGUAGE NOTE | |
| Language note | In Sanskrit. |
| 504 ## - BIBLIOGRAPHY, ETC. NOTE | |
| Bibliography, etc. note | Includes bibliographical references and index. |
| 650 #0 - SUBJECT ADDED ENTRY--TOPICAL TERM | |
| Topical term or geographic name entry element | Sanskrit poetry |
| General subdivision | History and criticism. |
| 650 #0 - SUBJECT ADDED ENTRY--TOPICAL TERM | |
| Topical term or geographic name entry element | Poetics. |
| 700 12 - ADDED ENTRY--PERSONAL NAME | |
| Personal name | Thakur, Krishna Mohan, |
| Dates associated with a name | 1919- |
| Title of a work | Lakṣmī. |
| 830 #0 - SERIES ADDED ENTRY--UNIFORM TITLE | |
| Uniform title | Kāśī Saṃskr̥ta granthamālā ; |
| Volume/sequential designation | 145. |
| 830 #0 - SERIES ADDED ENTRY--UNIFORM TITLE | |
| Uniform title | Kāśī Saṃskr̥ta granthamālā. |
| Name of part/section of a work | Alaṅkāravibhāga ; |
| Volume/sequential designation | 6. puṣpam. |
No items available.